000 00302nam a2200121Ia 4500
005 20251222144813.0
008 251222s9999||||xx |||||||||||||| ||spa||
082 _a352.283.85/A49/2011
100 _aAlvites Alvites, Elena
245 0 _aProceso de Descentralización:
264 _bUsaid
942 _cLIB
999 _c20199
_d20199